Nghề viết báo /

Na minha lista:
Detalhes bibliográficos
Autor principal: Tế, Xuyên
Formato: Livro
Idioma:Vietnamese
Publicado em: Saigon : Khai-Tri, 1962.
Assuntos:
LEADER 00899cam a2200265 a 4500
001 c000390222
003 CARM
005 20120529084735.0
008 120529s1962 vm 000 0 vie d
019 1 |a 14029221  |5 LACONCORD2021 
035 |a (OCoLC)222116264  |5 LACONCORD2021 
040 |a NCLN  |b eng  |c NCLN 
043 |a a-vt--- 
082 0 4 |a 070.4 
100 1 |a Tế, Xuyên. 
245 1 0 |a Nghề viết báo /  |c Tê Xuyên. 
260 |a Saigon :  |b Khai-Tri,  |c 1962. 
300 |a 276 p. ;  |c 21 cm. 
650 0 |a Vietnamese language  |v Readers. 
650 0 |a Journalism  |z Vietnam. 
852 8 |b CARM  |p 0579928  |f BK 
852 8 |b SCAN  |h A3:AF32B0  |i B12063  |p 0579928  |f BK 
999 f f |i e4c15d52-177d-5bf1-bd60-e71e3d87fb1c  |s 615bc1f0-2e7d-5c87-8f1e-3cded45e9264 
952 f f |p Can circulate  |a CAVAL  |b CAVAL  |c CAVAL  |d CARM 1 Store  |i book  |m 0579928 
952 f f |a CAVAL  |b CAVAL  |c CAVAL  |d Unmapped Location  |e B12063  |f A3:AF32B0  |h Other scheme